| 000 | 00653nam a2200193Ia 4500 | ||
|---|---|---|---|
| 008 | 151121s9999||||xx |||||||||||||| ||und|| | ||
| 082 | _a812/लिमये | ||
| 082 | _bHNW-16498 | ||
| 100 | _aलिमये बाबा | ||
| 245 | _aअगा जे घडलेचि नाही | ||
| 260 | _b"मॅजेस्टिक बुक स्टॉल, मुंबई" | ||
| 260 | _c-- | ||
| 300 | _a101 | ||
| 600 | _aलिमये बाबा | ||
| 630 | _aअगा जे घडलेचि नाही | ||
| 700 | _aलिमये बाबा | ||
| 730 | _aअगा जे घडलेचि नाही | ||
| 942 | _cBOOK | ||
| 999 |
_c1219285 _d1219282 |
||